00566pam a2200157 a 4500020002000000041000500020082001700025100001900042245010000061250000900161260003000170300002100200930000900221999001700230952016100247 a0-8016-7729-7c h a617.643bEPK aEpker ,eB.N., aDentofacial Deformities Integrated Othodontic and Surgical Correction Vol- IhTextual Documents a2nd. aMissouri:bMosby.,c1995. a568:c28.5x22.5. a1622 c41025d41025 001040708ReferenceaDCPbDCPd2010-11-24eBharati Mad. Sahakari Grahak Bhandarg7900.00l0o617.643 EPKpDCP-4420r2023-02-24 00:00:00t1w2023-02-24yBK